Heat and mass transfer (Record no. 5861)

000 -LEADER
fixed length control field 00529nam a2200205 4500
001 - CONTROL NUMBER
control field 5861
003 - CONTROL NUMBER IDENTIFIER
control field BD-DhUET
008 - FIXED-LENGTH DATA ELEMENTS--GENERAL INFORMATION
fixed length control field 700409m19679999is a b 000 0 eng
040 ## - CATALOGING SOURCE
Original cataloging agency DLC
Transcribing agency DLC
Modifying agency BD-DhUET
082 00 - DEWEY DECIMAL CLASSIFICATION NUMBER
Classification number 621.011
Item number ECK/1959
100 ## - MAIN ENTRY--PERSONAL NAME
Personal name Eckert, R. R. G.
245 00 - TITLE STATEMENT
Title Heat and mass transfer
250 ## - EDITION STATEMENT
Edition statement 2nd ed.
260 ## - PUBLICATION, DISTRIBUTION, ETC. (IMPRINT)
Place of publication, distribution, etc. New York
Name of publisher, distributor, etc. McGraw-Hill
Date of publication, distribution, etc. 1959
300 ## - PHYSICAL DESCRIPTION
Extent xiv, 530p.
490 1# - SERIES STATEMENT
Series statement McGraw-Hill series in mechanical engineering
650 #0 - SUBJECT ADDED ENTRY--TOPICAL TERM
Topical term or geographic name as entry element Heat-Transmission
700 ## - ADDED ENTRY--PERSONAL NAME
Personal name Drake, Robert M.
942 ## - ADDED ENTRY ELEMENTS (KOHA)
Koha item type General Book
Holdings
Piece designation (barcode) Lost status Source of classification or shelving scheme Koha full call number Copy number Shelving location Koha item type Koha date last seen Date acquired Sublocation or collection (holding branch) Koha issues (times borrowed) Location (home branch) Withdrawn status Koha date last borrowed Not for loan Damaged status Price effective from Koha normalized classification for sorting
36668  621.011/ECK/1959 Circulation sectionGeneral Book2014-11-292014-11-29Central Library, BUET Central Library, BUET    2014-11-29621_011000000000000_ECK_1959
14884  621.011/ECK/19592Circulation sectionGeneral Book2014-12-032014-12-03Central Library, BUET Central Library, BUET    2014-12-03621_000000000000000_011ECK1959
11302  621.011/ECK/19593Circulation sectionGeneral Book2015-04-122015-04-12Central Library, BUET Central Library, BUET    2015-04-12621_011000000000000_ECK_1959
31276  621.011/ECK/19594Circulation sectionGeneral Book2015-04-122015-04-12Central Library, BUET Central Library, BUET    2015-04-12621_011000000000000_ECK_1959
31274  621.011/ECK/19595Circulation sectionGeneral Book2015-04-122015-04-12Central Library, BUET Central Library, BUET    2015-04-12621_011000000000000_ECK_1959
31271  621.011/ECK/19596Circulation sectionGeneral Book2015-04-122015-04-12Central Library, BUET Central Library, BUET    2015-04-12621_011000000000000_ECK_1959
31272  621.011/ECK/19597Circulation sectionGeneral Book2015-04-122015-04-12Central Library, BUET Central Library, BUET    2015-04-12621_011000000000000_ECK_1959
31277  621.011/ECK/19598Circulation sectionGeneral Book2021-11-282015-04-13Central Library, BUET1Central Library, BUET 2020-03-02  2015-04-13621_011000000000000_ECK_1959
11301  621.011/ECK/19599Circulation sectionGeneral Book2015-04-132015-04-13Central Library, BUET Central Library, BUET    2015-04-13621_011000000000000_ECK_1959
11303  621.011/ECK/195910Circulation sectionGeneral Book2015-04-132015-04-13Central Library, BUET Central Library, BUET    2015-04-13621_011000000000000_ECK_1959
24625  621.011/ECK/195911Circulation sectionGeneral Book2015-04-132015-04-13Central Library, BUET Central Library, BUET    2015-04-13621_011000000000000_ECK_1959
7652  621.011/ECK/195912Circulation sectionGeneral Book2015-04-132015-04-13Central Library, BUET Central Library, BUET    2015-04-13621_011000000000000_ECK_1959
24320  621.011/ECK/195913Circulation sectionGeneral Book2015-04-132015-04-13Central Library, BUET Central Library, BUET    2015-04-13621_011000000000000_ECK_1959
24976  621.011/ECK/195914Circulation sectionGeneral Book2015-04-132015-04-13Central Library, BUET Central Library, BUET    2015-04-13621_011000000000000_ECK_1959
31275  621.011/ECK/195915Circulation sectionGeneral Book2015-04-132015-04-13Central Library, BUET Central Library, BUET    2015-04-13621_011000000000000_ECK_1959
7655  621.011/ECK/195916Reading sectionGeneral Book2015-06-162015-06-16Central Library, BUET Central Library, BUET    2015-06-16621_011000000000000_ECK_1959